| 000 | 00476nam a2200181Ia 4500 | ||
|---|---|---|---|
| 008 | 240925s9999 xx 000 0 und d | ||
| 020 | _a9788126515240 | ||
| 082 | _a001.4222 COC | ||
| 100 | _aCochran, William G. | ||
| 245 | 0 | _aSampling Techniques | |
| 250 | _a3rd | ||
| 260 |
_aNew Delhi: _bJohn Wiley and Sons _c,1999. |
||
| 300 |
_axxv, 532p. _b0 _fOriginal |
||
| 500 | _aIncludes Index | ||
| 600 | _aHumanities & Natural Science | ||
| 650 | _aGeneralia | ||
| 942 | _cBK | ||
| 999 |
_c16886 _d16886 |
||